000 01003cam a22002174a 4500
005 20250731113204.0
008 250528s ||||||||||||||||||||||||d
035 _a15872
020 _a131290142
040 _aGR-AtMCL
_bgre
_dGR-AtMCL
_eAACR2
245 1 _aJava TM / How to Program
250 _a6th
260 _bPearson Education Limited,
_c2005
300 _a1608
520 _aA well-written programming and object-based programming principles. Includes CD-ROM. Preface, Introduction to Java Applications, Control Statements, Arrays, Object-Oriented Programming: Inheritance, GUI Components, Exception Handling, Files and Streams, Recursion, Searching and Sorting, Data Structures, Generics, Collections, Introduction to Java Applets, Multithreading, Networking, Servlets, Formatted Output, Strings and Characters and Regular Expressions, Index.
700 1 _aDeitel, Harvey M.,
_d1945-
_91838
700 1 _aDeitel, Paul J.
_91839
942 _cBK
999 _c1420
_d1420